• 首页
  • 本馆介绍
  • 公告通知
  • 最新文献
  • 馆藏检索
  • 电子资源
  • 读者导购
  • 参考咨询
  • 我的图书馆
  • 登录
  • 详细信息显示
  • 放入我的书架
  • 预约/预借图书
  • 作者相关作品
  • 分类相关作品
  • 丛书相关作品
  • 出版社相关作品

书目信息

  • 表格格式
  • 工作单格式
  • 卡片格式
题名:
萧伯纳传
    
 
作者: 哈里斯 , Harris 著 ;黄嘉德 译
分册:  
出版信息: 北京   外国文学出版社  1983
页数: 460页
开本: 19cm
丛书名:
单 册:
中图分类: K835.615.6 , K833
科图分类:
主题词:
电子资源:
ISBN:
000 00770nam0 2200277 45
001 1574985266
005 20170926114300.71
010    @dCNY1.20
091    @aCN@b10208.138
100    @a19950719d1983 em y0chiy0121 ea
101 1  @achi@ceng
102    @aCN@b110000
105    @ay z 000yb
200 10 @a萧伯纳传@Axiao bo na zhuan@f(英)佛兰克·哈里斯(F.Harris)著@g黄嘉德译
210    @a北京@c外国文学出版社@d1983
215    @a460页@d19cm
300    @a书名原文:Bernard shaw.
510 1  @aBetnard shaw.@zeng
600  1 @a萧伯纳@bG.@x传记
690    @aK835.615.6@v3
690    @aK833@v4
701  1 @a哈里斯@Aha li si@4著@b佛兰克
701 A1 @aHarris@bF.@4著
702  0 @a黄嘉德@Ahuang jia de@4译
801  0 @aCN@bTSSF@c20150127
905    @aZUCC@dK833@eJY12
    
    萧伯纳传/(英)佛兰克·哈里斯(F.Harris)著/黄嘉德译.-北京:外国文学出版社,1983
    460页;19cm
    书名原文:Bernard shaw.
    
    ISBN :CNY1.20
    
●
相关链接 在E读中查询图书 在五车中查询图书 在当当中查询图书 在豆瓣中查询图书


正题名:萧伯纳传     索取号:K833/JY12         预约/预借

序号 登录号 条形码 馆藏地/架位号 状态 备注
1 7836598   278365984   学院路分馆/ [索取号:K833/JY12] 在馆    
2 7836599   278365993   学院路分馆/ [索取号:K833/JY12] 在馆    
唐山师范学院图书馆 欢迎您!
大连网信软件有限公司© 版权所有